| 000 | 00492nam a22001817a 4500 | ||
|---|---|---|---|
| 003 | NUST-PNEC | ||
| 005 | 20170116180705.0 | ||
| 008 | 140918b xxu||||| |||| 00| 0 eng d | ||
| 040 | _cPNEC | ||
| 082 | _a657.48 VIR | ||
| 100 |
_9309 _aMr. Mujahid Eshai |
||
| 245 |
_aFinancial Accounting-1 MGT-101 (Lecture Notes) _cMr. Mujahid Eshai |
||
| 260 |
_aLahore _bVirtual University of Pakistan _c2012 |
||
| 300 |
_a273 p. : _c26 cm. |
||
| 500 | _aLecture Notes | ||
| 650 | _xMIS | ||
| 942 |
_2ddc _cBK |
||
| 999 |
_c60679 _d60679 |
||